Diese Fragen sollte man in der _ Klasse beantworten können - Statistiken

Allgemein
  • Dieses Quiz wurde 180 mal gespielt
  • Das Durchschnittsergebnis liegt bei 10 aus 13
Antwortstatistiken
Klasse Frage Antwort % Korrekt
2 Was heißt Katze auf Englisch? Cat
100%
1 6+2= 8
99%
4 Was ist das größte Land der Welt? Russland
99%
6 Wer malte die Mona Lisa? Leonardo da Vinci
98%
3 Bestimme das Objekt dieses Satzes: Ich sehe eine Burg eine Burg
96%
5 In der Steinzeit waren Menschen Jäger und ______? Sammler
88%
9 In welchem Jahr wurde die Berliner Mauer errichtet? 1961
79%
7 Was ist im Deutschen der 3. Fall? Dativ
79%
11 Wie heißt die Hauptstadt von Uruguay? Montevideo
64%
8 Wie heißt die größte Seite eines Dreiecks? Hypotenuse
62%
10 Ein sprachliches Bild ist was für ein Stilmittel? Metapher
53%
12 Welche Ordnungszahl hat Aluminium im Periodensystem? 13
49%
13 Wer schrieb das Buch „Der Prozeß“? Franz Kafka
37%
Keine übereinstimmenden Quizze gefunden
Verteilung der Resultate
Anzahl Personen mit jedem Resultat
Perzentil nach korrekt beantworteten Fragen
Ihre Resultats-Entwicklung
Sie haben dieses Quiz noch nicht gespielt